Highest Rated IMDB Episodes By Series #3 - Statistics

General Stats
  • This quiz has been taken 59 times
  • The average score is 3 of 10
Answer Stats
Episode Title IMDB Rating TV Show % Correct
How Your Mother Met Me 9.5 How I Met Your Mother
96%
Chapter Seven: The Massacre at Hawkins Lab 9.6 Stranger Things
67%
Scott Tenorman Must Die 9.6 South Park
47%
Connor's Wedding 9.9 Succession
24%
White Christmas 9.1 Black Mirror
20%
The Ski Lodge 9.5 Frasier
16%
Josh Is Done 9.4 Drake & Josh
13%
Woe What a Night & If You Don't Woe Me by Now & A Murder of Woes 8.3 Wednesday
13%
The Work Outing 9.4 The IT Crowd
9%
So Long, Farewell 9.4 Ted Lasso
2%
No matching quizzes found
Score Distribution
Percent of People with Each Score
Percentile by Number Answered
Your Score History
You have not taken this quiz